|
|
|
|
| LEADER |
00000cab a2200000 a 4500 |
| 001 |
vtls000656998 |
| 003 |
SK-MaSNL |
| 005 |
20260318124734.0 |
| 008 |
160405c1998 xo u 0 0 0hun |
| 015 |
|
|
|a SNBRA1998/03-07927
|
| 035 |
|
|
|a CLN000009190
|
| 040 |
|
|
|a SNKBUCL
|b slo
|c SNKBUCL
|e AACR2
|
| 041 |
0 |
|
|a hun
|
| 044 |
|
|
|a xo
|c SK
|
| 080 |
|
|
|a 329.17(437.6=945.11)
|2 1997
|
| 100 |
0 |
|
|a (gyor)
|4 aut
|9 870614
|
| 245 |
1 |
0 |
|a Duka Zólyomi Árpád a szövetségi pártról
|b az ellenzék az alkotmánybírósághoz fordul, ha-
|c [szerző] (gyor)
|
| 610 |
0 |
7 |
|a Spolužitie-Együttélés (Slovensko)
|2 snkbucl
|
| 655 |
|
7 |
|a články z novín a časopisov
|2 snkbucl
|9 267496
|
| 773 |
0 |
|
|t Új szó
|g Roč. 51, č. 58 (11.3.1998), s. 5
|
| 850 |
|
|
|a Slovenská národná knižnica v Martine
|
| 852 |
|
|
|a SNK
|b KIS3GCP
|
| 958 |
|
|
|a HU
|
| 958 |
|
|
|a SK
|
| 958 |
|
|
|a RBX
|
| 999 |
|
|
|c 2239472
|d 2241402
|